| 000 | 00948cam a2200289 4500 | ||
|---|---|---|---|
| 008 | 090401t1996 xxu||||| |||| 00| 0 eng d | ||
| 020 | _a0727725505 | ||
| 035 | _a(Sirsi) u56605 | ||
| 041 | _aeng | ||
| 050 | _a692.8 | ||
| 110 |
_aConstruction Industry Board _92991 |
||
| 245 | _aTowards a 30% productivity improvement in construction : a report by Working Group 11 of the Construction Industry Board. | ||
| 260 |
_aLondon _bThomas Telford Publishing _c1996 |
||
| 300 | _a23p. ; 30cm. | ||
| 350 | _a0 | ||
| 490 |
_aWorking Group _v11 |
||
| 520 | _aCIB was set up under the chairmanship of Sir Michael Latham to implement the recommendations of the Latham Report Constructing the Team. | ||
| 650 | _aCONSTRUCTION INDUSTRY | ||
| 650 | _aCOST REDUCTION | ||
| 650 | _aLATHAM REFORMS | ||
| 650 | _aPRODUCTIVITY | ||
| 650 | _aWG11 | ||
| 650 | _aWORKING GROUP 11 | ||
| 690 | _aBUILT ENVIRONMENT | ||
| 942 | _n0 | ||
| 948 | _c04/03/1997 | ||
| 999 |
_c93812 _d93812 |
||